UITU Library & LRC     

Maariful Hadith Vol.5, 6, 7 (Record no. 31670)

MARC details
000 -LEADER
fixed length control field 00339nam a2200133Ia 4500
008 - FIXED-LENGTH DATA ELEMENTS--GENERAL INFORMATION
fixed length control field 251118s9999 xx 000 0 und d
082 ## - DEWEY DECIMAL CLASSIFICATION NUMBER
Classification number 297.124 NOM
100 ## - MAIN ENTRY--PERSONAL NAME
Personal name Nomani, Mualana Muhammad Manzoor
245 #0 - TITLE STATEMENT
Title Maariful Hadith Vol.5, 6, 7
260 ## - PUBLICATION, DISTRIBUTION, ETC.
Place of publication, distribution, etc. Karachi:
Name of publisher, distributor, etc. Dar ul Ashat,
Date of publication, distribution, etc. 2014
300 ## - PHYSICAL DESCRIPTION
Extent 550p.
600 ## - SUBJECT ADDED ENTRY--PERSONAL NAME
Personal name Hadith
942 ## - ADDED ENTRY ELEMENTS (KOHA)
Koha item type Gifted & Donated Books
Holdings
Withdrawn status Lost status Damaged status Not for loan Home library Current library Shelving location Date acquired Source of acquisition Total checkouts Full call number Barcode Date last seen Price effective from Koha item type Public note
        UITU Library UITU Library Gifted Books 11/18/2025 Gifted by Anonymous   297.124 NOM G392 11/18/2025 11/18/2025 Gifted & Donated Books Gifted by Anonymous

Powered by Koha